Statistiques concernant Les plus grands pays par la population en 2050

Cliquez ici pour prendre le quiz!

Statistiques générales

  • Ce quiz a été pris 6,652 fois
    (5,218 depuis la dernière actualisation)
  • Le résultat moyen est 15 sur 21

Statistiques - réponses

Population Pays % Correct
1 302 millionChine
100%
1 657 millionInde
99%
398 millionEtats-Unis
98%
232 millionBrésil
94%
130 millionRussie
94%
107 millionJapon
91%
151 millionMexique
87%
300 millionIndonésie
85%
391 millionNigeria
75%
291 millionPakistan
75%
138 millionÉgypte
73%
145 millionRD du Congo
73%
100 millionIran
67%
250 millionBangladesh
66%
90 millionTurquie
64%
155 millionPhilippines
60%
111 millionViêt Nam
58%
228 millionÉthiopie
56%
76 millionIrak
42%
119 millionTanzanie
34%
94 millionOuganda
17%

Distribution des résultats

Percentile by Number Answered

% des personnes avec chaque résultat

Votre développement - résultats

Vous n’avez pas pris ce quiz depuis la dernière actualisation